| 000 | 00505nam a22001817a 4500 | ||
|---|---|---|---|
| 999 |
_c26372 _d26372 |
||
| 003 | BDDh-ASL | ||
| 005 | 20231015030633.0 | ||
| 008 | 211008s1963 p ||||| |||| 00| 0 u d | ||
| 040 |
_aBDDh-ASL _cBDDh-ASL |
||
| 082 |
_a920.8094 _bKHR |
||
| 100 | 1 |
_94846 _aKhan, Yusuf Hussain _cDr. |
|
| 245 | 1 | 0 | _aRuh-e Iqbal : / روح اقبال |
| 260 |
_aLahore : _bAina-e Adab , _c1963. |
||
| 300 |
_a511 p. : _c21 cm. |
||
| 650 | 0 |
_91339 _aBiography |
|
| 650 | 0 |
_92263 _aLiterary Criticism |
|
| 942 |
_2ddc _cBK |
||